00525nam a2200193Ia 4500003000400000005001700004008004100021020002200062040000700084041000800091082001700099100002700116245008000143260004500223300001700268365001300285650001400298650001900312OSt20230516112030.0210423s2008 xx 000 0 und d a978-0-19-569427-7 cAL aeng a338.954 ASIT aASIAN DEVELOPMENT BANK aTrade policy industrial performance and private sector development in India aNew DelhibOxford University Pressc2008 aviii,326bHB b695cINR aEconomics aIndian Economy